Leopoldo Zea y la cultura
Uloženo v:
| Korporace: | , , |
|---|---|
| Médium: | Kniha |
| Jazyk: | španělština |
| Vydáno: |
Ciudad de México
UNAM
2005
Ciudad de México Centro Coordinador y Difusor de Estudios Latinoamericanos 2005 |
| Vydání: | 1a. ed |
| Témata: | |
| Tagy: |
Přidat tag
Žádné tagy, Buďte první, kdo vytvoří štítek k tomuto záznamu!
|
MARC
| LEADER | 00000nam a2200000 a 4500 | ||
|---|---|---|---|
| 001 | UCI7688 | ||
| 003 | CL-VaPUC | ||
| 005 | 20220103092338.0 | ||
| 008 | 080718e20050000mx 1 spa d | ||
| 020 | |a 9703228356 | ||
| 044 | |a mx |2 marc | ||
| 044 | |a mx |2 marc | ||
| 082 | 0 | 4 | |a 980 |b INS |2 21 |
| 110 | 2 | |a Instituto Italo-Latino Americano |e author |9 621230 | |
| 710 | 2 | |a Federación Internacional de Estudios sobre América Latina y el Caribe |e author |9 621231 | |
| 710 | 2 | |a Universidad Autónoma de México |e author |9 621232 | |
| 245 | 1 | 0 | |a Leopoldo Zea y la cultura |
| 250 | |a 1a. ed | ||
| 260 | |a Ciudad de México |b UNAM |c 2005 | ||
| 260 | |a Ciudad de México |b Centro Coordinador y Difusor de Estudios Latinoamericanos |c 2005 | ||
| 300 | |a pág. irreg | ||
| 583 | |a last modification |c 20190828 11:01:03 |k Rodrigo Vera | ||
| 600 | 1 | 7 | |a ZEA AGUILAR, LEOPOLDO |2 CL-VaPUC |9 621233 |
| 650 | 0 | 0 | |a Cultura |9 269059 |
| 650 | 0 | 0 | |a Civilización |9 255823 |
| 650 | 0 | 0 | |a Filosofía latinoamericana |9 311491 |
| 650 | 0 | 0 | |a Crítica e interpretación |9 255042 |
| 942 | |c BK | ||
| 945 | |a jtorresc |d 20080718 00:00:00 | ||
| 546 | |a En Español | ||
| 536 | |a Congreso de la Federación Internacional de Estudios sobre América Latina y el Caribe, 12, Roma 2005 | ||
| 518 | |p Universidad Nacional Autónoma de México | ||
| 999 | |c 384370 |d 384368 | ||
| 952 | |0 0 |1 0 |4 0 |6 980_000000000000000_INS_2005 |7 0 |8 A |9 507037 |a BIBHIS |b BIBHIS |d 2020-01-23 |i 4457838 |o 980 INS 2005 |p 4457838 |r 2025-01-20 |w 2020-01-23 |y BK |k HIS | ||